000 00231nam a2200097Ia 4500
008 190216s9999||||xx |||||||||||||| ||und||
100 _aNull
245 0 _aHindi-Yekapathya Aur Anp Kavithayem
260 _bBright Careers
942 _cBK
999 _c18549
_d18549